000 00457nam a2200193Ia 4500
005 20240823035306.0
008 240823s9999||||xx |||||||||||||| ||und||
020 _a978-81-7223-689-25
041 _aENGLISH
082 _A954.0359092 P7
100 _aNayantara Sahgal
245 0 _aPrison and Chocolate Cake
250 _a1st
260 _c2007
_bHarper Collins Publi
500 _aYES
650 _aNovel
_bEnglish
942 _cBK
999 _c200340
_d200340